Student learning in South Asia (Record no. 694482)

MARC details
000 -LEADER
fixed length control field 01026nam a2200313Ia 4500
003 - CONTROL NUMBER IDENTIFIER
control field OSt
005 - DATE AND TIME OF LATEST TRANSACTION
control field 20220927105748.0
008 - FIXED-LENGTH DATA ELEMENTS--GENERAL INFORMATION
fixed length control field 220926b |||||||| |||| 00| 0 eng d
020 ## - INTERNATIONAL STANDARD BOOK NUMBER
International Standard Book Number 9781464801600
037 ## - SOURCE OF ACQUISITION
Terms of availability Reference Collections
040 ## - CATALOGING SOURCE
Original cataloging agency RTL
Transcribing agency RTL
Language of cataloging eng
041 ## - LANGUAGE CODE
Source of code eng
Language code of text/sound track or separate title eng
100 ## - MAIN ENTRY--PERSONAL NAME
Personal name DUNDAR Halil
9 (RLIN) 374827
110 ## - MAIN ENTRY--CORPORATE NAME
Corporate name or jurisdiction name as entry element WORLD BANK
245 #0 - TITLE STATEMENT
Title Student learning in South Asia
Remainder of title " Challenges, opportunities, and policy priorities"
260 ## - PUBLICATION, DISTRIBUTION, ETC.
Place of publication, distribution, etc. "Wahington,"
Name of publisher, distributor, etc. "D.C, World Bank, "
Date of publication, distribution, etc. 2014
300 ## - PHYSICAL DESCRIPTION
Extent xxvi; 390p.
Dimensions cm.
490 ## - SERIES STATEMENT
Series statement Comparative Studies of Health Systems and Medical Care; 3
500 ## - GENERAL NOTE
General note Bibliography: P 393-414; Glossary: P 389-92
700 ## - ADDED ENTRY--PERSONAL NAME
Personal name BETEILLE Tara
9 (RLIN) 374828
700 ## - ADDED ENTRY--PERSONAL NAME
Personal name RIBOUD Michelle
9 (RLIN) 374829
700 ## - ADDED ENTRY--PERSONAL NAME
Personal name WORLD BANK
942 ## - ADDED ENTRY ELEMENTS (KOHA)
Classification part "T4:3.49G, Q4/UN"
Koha item type
Holdings
Withdrawn status Lost status Damaged status Not for loan Home library Current library Date acquired Total Checkouts Full call number Barcode Date last seen Price effective from Koha item type
        Ratan Tata Library Ratan Tata Library 2022-09-27   "T4:3.49G Q4/UN" RT1456710 2022-09-27 2022-09-27  
Copyright @ Delhi University Library System